00329cam a22001097a 4500008004000000082001700040100002500057245005100082260003700133300000900170650004000179180718b1960 xxu||||| |||| 00| 0 eng d aI513x54 G646 aGopalakrishnayya, V. aAdministrative reformscby V. Gopalakrishnayya aHyderabadbAmaravati Pressc1960 a35p. aAdministrative Organization - India